[Event "East Lansing (MI Am/4)"]
[Site "?"]
[Date "1992.??.??"]
[Round "?"]
[White "Stockton, T."]
[Black "Calabria, John"]
[Result "1-0"]
[WhiteElo "1605"]
[BlackElo "1605"]
[PlyCount "41"]
[EventDate "1992.??.??"]

1. d4 Nf6 2. Nf3 d5 3. Bf4 e6 4. e3 Bd7 5. Bd3 Nc6 6. Nbd2 Nb4 7. Be2 c5 8. c3
cxd4 9. cxb4 dxe3 10. Bxe3 Bxb4 11. a3 Bxd2+ 12. Bxd2 Ne4 13. O-O Rc8 14. Bb4
a5 15. Bd2 Qb6 16. b4 axb4 17. Bxb4 Nc3 18. Bxc3 Rxc3 19. Rb1 Qa5 20. Rxb7 O-O
21. Rxd7 1-0

[Event "Flint (Class B/5)"]
[Site "?"]
[Date "1992.??.??"]
[Round "?"]
[White "Stockman, David"]
[Black "Pope, Nick"]
[Result "1/2-1/2"]
[WhiteElo "1720"]
[BlackElo "1670"]
[PlyCount "54"]
[EventDate "1992.??.??"]

1. d4 d5 2. Nf3 Bg4 3. Bf4 Bxf3 4. gxf3 e6 5. e4 dxe4 6. fxe4 c6 7. c3 Nd7 8.
Nd2 h5 9. Be2 g5 10. Be3 g4 11. Qc2 Bh6 12. O-O-O Bxe3 13. fxe3 Qg5 14. Qd3
O-O-O 15. Nf1 Ne7 16. Qd2 Rhg8 17. Bd3 Rg7 18. Qf2 Qf6 19. Qxf6 Nxf6 20. Rd2
Nh7 21. Rg2 Rdg8 22. Rhg1 Ng5 23. Nd2 Nh3 24. Re1 Ng6 25. e5 Nh4 26. Rg3 Nf5
27. Rg2 Nh4 1/2-1/2

[Event "East Lansing (MI Am/1)"]
[Site "?"]
[Date "1992.??.??"]
[Round "?"]
[White "Stockman, David"]
[Black "Pontoni, M."]
[Result "1-0"]
[WhiteElo "1730"]
[BlackElo "1605"]
[PlyCount "87"]
[EventDate "1992.??.??"]

1. d4 Nf6 2. Nf3 g6 3. Bg5 Bg7 4. e3 d6 5. Nbd2 c5 6. Bd3 Nc6 7. c3 O-O 8. O-O
Qc7 9. Rc1 e5 10. Bxf6 Bxf6 11. d5 Ne7 12. c4 b5 13. e4 bxc4 14. Nxc4 Ba6 15.
Nfd2 Rab8 16. Qa4 Bb5 17. Qc2 Bg5 18. Rb1 Bxd2 19. Qxd2 Bxc4 20. Bxc4 f5 21. f4
exf4 22. e5 Kg7 23. Rxf4 Qd8 24. e6 Rb4 25. Rh4 h5 26. a3 Ra4 27. b3 Ra5 28. a4
Nxd5 29. Bxd5 Qxh4 30. e7 Qxe7 31. Qxa5 Re8 32. Kf1 Qe2+ 33. Kg1 Qe3+ 34. Kh1
Kh6 35. Bc4 Re4 36. h3 f4 37. Rf1 Rd4 38. Qd8 Rd2 39. h4 Kg7 40. Qg8+ Kf6 41.
Qf7+ Ke5 42. Qxg6 Qe4 43. Qg7+ Kf5 44. Qg5# 1-0

[Event "Flint (Class B/2)"]
[Site "?"]
[Date "1992.??.??"]
[Round "?"]
[White "Stockman, David"]
[Black "Johnston, Rowland"]
[Result "1/2-1/2"]
[WhiteElo "1720"]
[BlackElo "1780"]
[PlyCount "56"]
[EventDate "1992.??.??"]

1. d4 b5 2. e3 a6 3. Nf3 e6 4. Bd3 Bb7 5. Nbd2 c5 6. c3 Nf6 7. O-O Nc6 8. dxc5
Bxc5 9. Nb3 Be7 10. Nbd4 Qc7 11. Bd2 Rc8 12. Qe2 O-O 13. Rfc1 d5 14. a4 Ne4 15.
axb5 Nxd2 16. bxc6 Nxf3+ 17. Qxf3 Bxc6 18. Nxc6 Qxc6 19. Rxa6 Qb7 20. Qe2 Ra8
21. Rca1 Rxa6 22. Bxa6 Qa7 23. b4 Rc8 24. Rc1 Rc7 25. b5 Bc5 26. Qd2 Rd7 27.
Ra1 g6 28. Qd1 Qc7 1/2-1/2

[Event "Flint (Class B/3)"]
[Site "?"]
[Date "1992.??.??"]
[Round "?"]
[White "Stockman, David"]
[Black "Fiedler, Robert"]
[Result "0-1"]
[WhiteElo "1720"]
[BlackElo "1755"]
[PlyCount "100"]
[EventDate "1992.??.??"]

1. d4 d5 2. Nf3 Nf6 3. e3 Nc6 4. c3 Bg4 5. Bd3 e5 6. dxe5 Nxe5 7. Be2 Nxf3+ 8.
Bxf3 Bxf3 9. Qxf3 Bd6 10. Nd2 O-O 11. O-O Qd7 12. h3 c6 13. e4 dxe4 14. Nxe4
Nxe4 15. Qxe4 Rae8 16. Qf3 Qe6 17. Be3 b6 18. Rfe1 Qg6 19. Re2 Re5 20. Rae1 c5
21. Rd2 Re6 22. Kh1 h6 23. Red1 Rfe8 24. Qb7 R8e7 25. Qc8+ Kh7 26. Qd8 Bc7 27.
Qc8 Rd6 28. Rxd6 Bxd6 29. Qa6 Bb8 30. Qd3 Qxd3 31. Rxd3 f5 32. g3 g5 33. Bd2
Kg6 34. Kg2 h5 35. c4 Kf6 36. Bc3+ Be5 37. Rd6+ Re6 38. Bxe5+ Kxe5 39. Rxe6+
Kxe6 40. f4 g4 41. h4 a6 42. a4 Kd6 43. Kf2 Kc6 44. Ke2 b5 45. axb5+ axb5 46.
b3 bxc4 47. bxc4 Kb6 48. Kd2 Ka5 49. Kc3 Ka4 50. Kc2 Kb4 0-1

[Event "East Lansing (MI Am/3)"]
[Site "?"]
[Date "1992.??.??"]
[Round "?"]
[White "Stockman, David"]
[Black "DeVries, D."]
[Result "1/2-1/2"]
[WhiteElo "1730"]
[BlackElo "1605"]
[PlyCount "50"]
[EventDate "1992.??.??"]

1. d4 Nf6 2. Nf3 e6 3. Bg5 Be7 4. e3 d5 5. Nbd2 O-O 6. Bd3 Nbd7 7. O-O b6 8. c3
Bb7 9. Rc1 c5 10. b3 Rc8 11. Qc2 Qc7 12. Bxh7+ Nxh7 13. Bxe7 Rfe8 14. Bh4 Nhf6
15. Bg3 Qc6 16. Ne5 Nxe5 17. Bxe5 Ne4 18. Nxe4 dxe4 19. dxc5 Qxc5 20. Bd4 Qc7
21. c4 Red8 22. Qb2 f6 23. Rfd1 e5 24. Bc3 Rd3 25. Qc2 Rcd8 1/2-1/2

[Event "East Lansing (MI Am/5)"]
[Site "?"]
[Date "1992.??.??"]
[Round "?"]
[White "Stockman, David"]
[Black "Aydar, A."]
[Result "1-0"]
[WhiteElo "1730"]
[BlackElo "1605"]
[PlyCount "101"]
[EventDate "1992.??.??"]

1. d4 Nf6 2. Nf3 g6 3. Bg5 Bg7 4. e3 O-O 5. Nbd2 Nc6 6. c4 b6 7. d5 Na5 8. Rb1
c6 9. b4 Nb7 10. Bd3 cxd5 11. Bxf6 Bxf6 12. cxd5 e6 13. Qb3 a5 14. Be4 Nd6 15.
dxe6 Nxe4 16. exf7+ Rxf7 17. Nxe4 Kg7 18. O-O Qe7 19. Nxf6 Qxf6 20. bxa5 bxa5
21. Qd5 Ra7 22. Rfc1 Rf8 23. Rb8 Rc7 24. Rcb1 Qc3 25. Qd4+ Qxd4 26. Nxd4 Ba6
27. Rxf8 Kxf8 28. h3 Ra7 29. Rb8+ Kg7 30. Nb5 Rb7 31. Rxb7 Bxb7 32. f4 a4 33.
Nc3 Bc6 34. Kf2 Kf6 35. g4 h6 36. e4 g5 37. f5 Ke5 38. Ke3 d6 39. a3 Be8 40.
Ne2 Bf7 41. Kd3 d5 42. exd5 Bxd5 43. Ke3 Bg2 44. Nc3 Bxh3 45. Kf3 Bxg4+ 46.
Kxg4 h5+ 47. Kxg5 h4 48. f6 h3 49. Ne2 h2 50. Ng3 Ke6 51. Kg6 1-0

[Event "Lansing (Aug)"]
[Site "?"]
[Date "1992.??.??"]
[Round "?"]
[White "Stockham, James"]
[Black "Arganian, David H"]
[Result "1/2-1/2"]
[WhiteElo "1730"]
[BlackElo "1820"]
[PlyCount "107"]
[EventDate "1992.??.??"]

1. d4 Nf6 2. c4 g6 3. Nc3 d5 4. cxd5 Nxd5 5. e4 Nxc3 6. bxc3 Bg7 7. Bc4 c5 8.
Ne2 Nc6 9. Be3 O-O 10. O-O Qc7 11. Rc1 Rd8 12. Qd2 a6 13. Qb2 b5 14. Bd5 e6 15.
Bxc6 Qxc6 16. f3 Ra7 17. Rfd1 Rad7 18. a3 h6 19. Rc2 Kh7 20. Rcd2 Bb7 21. dxc5
e5 22. Rxd7 Rxd7 23. Rxd7 Qxd7 24. Qd2 Qxd2 25. Bxd2 f5 26. exf5 gxf5 27. Be3
Kg8 28. Kf1 Kf7 29. Ke1 Ke6 30. Kd2 Kd5 31. Bf2 Bf8 32. Ng3 Bc8 33. Kd3 Bxc5
34. Bxc5 Kxc5 35. Kd2 a5 36. Kd3 a4 37. Kd2 Be6 38. Kd3 Kd5 39. Kd2 Kc4 40. Kc2
e4 41. fxe4 fxe4 42. Ne2 e3 43. Nd4 Bf7 44. g4 Bd5 45. h4 Be4+ 46. Kd1 Kxc3 47.
Nxb5+ Kb2 48. Ke2 Bc6 49. Nd4 Bd7 50. g5 hxg5 51. hxg5 Be8 52. Ne6 Kxa3 53. Nc5
Kb4 54. Nxa4 1/2-1/2

[Event "Detroit (MI Action/1)"]
[Site "?"]
[Date "1992.??.??"]
[Round "?"]
[White "Stinson, Darlene"]
[Black "Tsemekhman, Vadim"]
[Result "0-1"]
[WhiteElo "1605"]
[BlackElo "2485"]
[PlyCount "74"]
[EventDate "1992.??.??"]

1. e4 e5 2. Nf3 d6 3. Nc3 Nf6 4. d3 Be7 5. Be3 O-O 6. Be2 c6 7. d4 exd4 8. Bxd4
Nbd7 9. O-O Qc7 10. Bd3 Ne5 11. Nxe5 dxe5 12. Be3 Be6 13. a3 Rad8 14. Qe1 Nh5
15. Be2 Nf4 16. Bf3 Bc4 17. Be2 Nxe2+ 18. Nxe2 Rd7 19. f4 exf4 20. Bxf4 Qb6+
21. Kh1 Qxb2 22. Rf3 Bxe2 23. Rf2 Qxa1 24. Qxa1 Rd1+ 25. Qxd1 Bxd1 26. Rd2 Rd8
27. Rf2 Bxc2 28. h3 Bxe4 29. Re2 f5 30. a4 Rd1+ 31. Kh2 h5 32. Bg3 h4 33. Be5
Bc5 34. Rc2 Bg1+ 35. Kh1 Bd4+ 36. Kh2 Bxe5+ 37. g3 hxg3# 0-1

[Event "Detroit (MI Action/3)"]
[Site "?"]
[Date "1992.??.??"]
[Round "?"]
[White "Stinson, Darlene"]
[Black "Skidmore, Mike"]
[Result "0-1"]
[WhiteElo "1605"]
[BlackElo "1905"]
[PlyCount "69"]
[EventDate "1992.??.??"]

1. e4 c5 2. Nf3 a6 3. d4 cxd4 4. Nxd4 Nf6 5. Nc3 d6 6. Bd3 e6 7. O-O Be7 8. Re1
O-O 9. Bd2 Nbd7 10. Nf3 b5 11. a3 Bb7 12. e5 Bxf3 13. Qxf3 Nxe5 14. Qe2 Nxd3
15. Qxd3 d5 16. Bf4 Rc8 17. Rac1 Qd7 18. Ne2 Rc4 19. Nd4 Rfc8 20. g3 Bc5 21.
Nf3 Qa7 22. Be3 Bxe3 23. Rxe3 Qc5 24. Re2 Re4 25. Rd2 e5 26. Kg2 Re8 27. c3 Rc4
28. Ne1 d4 29. Rdc2 Qd5+ 30. Kg1 e4 31. Qf1 d3 32. Rd2 Qg5 33. Rcd1 Nd5 34. Ng2
f5 35. Qe1 0-1

[Event "Detroit (MI Action/5)"]
[Site "?"]
[Date "1992.??.??"]
[Round "?"]
[White "Stinson, Darlene"]
[Black "Bascomb, A."]
[Result "1-0"]
[WhiteElo "1605"]
[BlackElo "1605"]
[PlyCount "103"]
[EventDate "1992.??.??"]

1. e4 c6 2. d4 d5 3. Nc3 Be6 4. Be3 Nf6 5. Bd3 dxe4 6. Nxe4 Bd5 7. Nxf6+ exf6
8. Nf3 Bxf3 9. Qxf3 Nd7 10. O-O Bd6 11. Rfe1 O-O 12. Qg4 Re8 13. c3 c5 14. Rad1
cxd4 15. Bxd4 Rxe1+ 16. Rxe1 Be5 17. Be3 Qc7 18. Qh3 g6 19. g3 Nc5 20. Bc2 Qc6
21. Qg2 Qxg2+ 22. Kxg2 Ne6 23. Rd1 Rd8 24. Rxd8+ Nxd8 25. Bxa7 Nc6 26. Be3 Na5
27. Bd3 Kg7 28. Kf3 h5 29. b4 Nc6 30. Bd2 g5 31. a4 Bc7 32. a5 Ne5+ 33. Ke2
Nxd3 34. Kxd3 h4 35. gxh4 gxh4 36. h3 Kg6 37. c4 Kf5 38. b5 Bd8 39. a6 bxa6 40.
bxa6 Bb6 41. Be3 Bxe3 42. Kxe3 Ke6 43. a7 f5 44. a8=Q Ke5 45. Qd5+ Kf6 46. Kf4
Kg6 47. Qxf5+ Kg7 48. Ke5 Kf8 49. Qh7 Ke7 50. Qf5 Kf8 51. Kf6 Ke8 52. Qc8# 1-0

[Event "Lansing (Aug)"]
[Site "?"]
[Date "1992.??.??"]
[Round "?"]
[White "Stigter, J."]
[Black "Ford, William"]
[Result "1/2-1/2"]
[WhiteElo "2080"]
[BlackElo "1955"]
[PlyCount "93"]
[EventDate "1992.??.??"]

1. e4 e6 2. d4 d5 3. exd5 exd5 4. Bd3 Nf6 5. Bg5 Be7 6. Nc3 O-O 7. Nge2 Be6 8.
O-O Nc6 9. a3 a6 10. f4 Bg4 11. h3 Bxe2 12. Bxe2 Qd6 13. Qd2 Ne4 14. Nxe4 dxe4
15. Bxe7 Nxe7 16. c3 Nd5 17. g3 Qg6 18. Kh2 Kh8 19. Rae1 f5 20. Bd1 Rad8 21.
Bb3 Rf6 22. c4 Ne7 23. Qe3 b5 24. Rf2 c6 25. Rd1 Qh5 26. Rfd2 Rh6 27. h4 Ng6
28. Qe2 Qxe2+ 29. Rxe2 Nxh4 30. gxh4 Rxh4+ 31. Kg3 Rg4+ 32. Kf2 Rxf4+ 33. Ke1
Rf3 34. Ba2 Rh3 35. Rf2 Rh1+ 36. Rf1 Rxf1+ 37. Kxf1 g5 38. cxb5 cxb5 39. Ke2 f4
40. Bb1 e3 41. d5 Kg7 42. Be4 h5 43. Rh1 h4 44. Rc1 Re8 45. Bf3 Kf6 46. d6 Rd8
47. Rd1 1/2-1/2

[Event "Detroit (MI Op/3/41)"]
[Site "?"]
[Date "1992.??.??"]
[Round "?"]
[White "Steverson, Bunnard"]
[Black "Raupp, Kenneth L"]
[Result "1-0"]
[WhiteElo "1840"]
[BlackElo "1625"]
[PlyCount "59"]
[EventDate "1992.??.??"]

{3/(41)} 1. d4 f5 2. d5 Nf6 3. c4 g6 4. Nc3 Bg7 5. e3 O-O 6. Nf3 c6 7. Bd3 d6
8. O-O e5 9. dxe6 Bxe6 10. Ng5 Bd7 11. Qb3 Qc7 12. Bd2 h6 13. Nf3 Be6 14. Rad1
Nbd7 15. Bc1 Ne5 16. Nxe5 dxe5 17. e4 f4 18. Na4 b6 19. Qc2 Rad8 20. b3 Qe7 21.
Bb2 Nd7 22. f3 Qg5 23. Rd2 h5 24. Rfd1 Kf7 25. Bf1 Rh8 26. Rd6 c5 27. Nc3 h4
28. Nb5 a6 29. Nc7 Nb8 30. Nxe6 1-0

[Event "Flint (Class A/5)"]
[Site "?"]
[Date "1992.??.??"]
[Round "?"]
[White "Steverson, Bunnard"]
[Black "Morris, Jewell"]
[Result "1/2-1/2"]
[WhiteElo "1835"]
[BlackElo "1950"]
[PlyCount "132"]
[EventDate "1992.??.??"]

1. d4 d5 2. Nf3 Nf6 3. e3 Nbd7 4. Bd3 c5 5. c3 e6 6. O-O Bd6 7. Nbd2 O-O 8. e4
dxe4 9. Nxe4 Nxe4 10. Bxe4 cxd4 11. Nxd4 Qh4 12. f4 Nf6 13. Bf3 Bxf4 14. g3
Bxg3 15. hxg3 Qxg3+ 16. Bg2 Ng4 17. Rf3 Qh2+ 18. Kf1 e5 19. Nf5 Be6 20. Qe2 Qh5
21. Ng3 Nh2+ 22. Kf2 Qh4 23. Qe4 Nxf3 24. Bxf3 Qxe4 25. Nxe4 Bd7 26. Be3 Bc6
27. Rg1 f5 28. Ng5 e4 29. Bd1 Bd5 30. Bb3 Bxb3 31. axb3 f4 32. Bd4 g6 33. Nxe4
Rae8 34. Nf6+ Rxf6 35. Bxf6 Rf8 36. Bd4 b6 37. Kf3 Rf5 38. Rg4 g5 39. Ke4 Rb5
40. c4 Rxb3 41. Rxg5+ Kf7 42. Kxf4 Rb4 43. Rg7+ Ke6 44. Rxh7 Rxc4 45. Ke4 Ra4
46. Rh6+ Kd7 47. b3 Rb4 48. Rh3 a5 49. Kd5 a4 50. Rh7+ Kc8 51. bxa4 Rxa4 52.
Bxb6 Rg4 53. Bc5 Kd8 54. Kc6 Rg6+ 55. Bd6 Ke8 56. Kd5 Rg5+ 57. Be5 Rg6 58. Ke4
Ra6 59. Rg7 Kf8 60. Kf5 Rh6 61. Bf6 Rh1 62. Ra7 Rf1+ 63. Kg6 Rg1+ 64. Bg5 Ke8
65. Re7+ Kf8 66. Rd7 Re1 1/2-1/2

[Event "Flint (Class A/4)"]
[Site "?"]
[Date "1992.??.??"]
[Round "?"]
[White "Steverson, Bunnard"]
[Black "Michailoff, M."]
[Result "0-1"]
[WhiteElo "1835"]
[BlackElo "1850"]
[PlyCount "66"]
[EventDate "1992.??.??"]

1. e4 e5 2. Nf3 Nc6 3. Bc4 Bc5 4. O-O d6 5. c3 Be6 6. Bxe6 fxe6 7. Qb3 Qd7 8.
Qxb7 Rb8 9. Qa6 Nf6 10. Qc4 Bb6 11. b4 O-O 12. a4 a5 13. b5 Ne7 14. d3 d5 15.
Qa2 Ng6 16. Qc2 Nh5 17. Ba3 Rxf3 18. Qe2 Nh4 19. Bc1 Rbf8 20. gxf3 Qf7 21. Kh1
Qf6 22. Rg1 Nxf3 23. Rg2 Qh4 24. Nd2 Nxd2 25. Bxd2 Rxf2 26. Qg4 Qxg4 27. Rxg4
Rxd2 28. exd5 exd5 29. Rg5 Nf6 30. Rxe5 Rxd3 31. Rc1 Rd2 32. Rf1 h6 33. h3 Ne4
0-1

[Event "Detroit (MI Op/1b/7)"]
[Site "?"]
[Date "1992.??.??"]
[Round "?"]
[White "Steverson, Bunnard"]
[Black "Lehotzky, Attila"]
[Result "1/2-1/2"]
[WhiteElo "1840"]
[BlackElo "2060"]
[PlyCount "135"]
[EventDate "1992.??.??"]

1. d4 Nf6 2. Nf3 e6 3. e3 c5 4. c3 d5 5. Bd3 Nc6 6. O-O Bd6 7. Nbd2 O-O 8. Re1
cxd4 9. exd4 Qc7 10. Qe2 h6 11. Ne5 Nd7 12. f4 Ndxe5 13. fxe5 Be7 14. Qh5 f5
15. Nf3 Bd8 16. Bd2 Qf7 17. Qxf7+ Rxf7 18. h4 a5 19. a4 b6 20. Bf4 Ba6 21. Bxa6
Rxa6 22. g3 Rb7 23. Nd2 g5 24. hxg5 hxg5 25. Be3 b5 26. Nb3 Be7 27. Kg2 bxa4
28. Nc5 Bxc5 29. dxc5 Rxb2+ 30. Kf1 Nxe5 31. Rxa4 Nf3 32. Rea1 Rh2 33. Bg1 Nd2+
34. Ke1 Rg2 35. Bf2 Nc4 36. Ke2 Rh2 37. Rb1 Kf7 38. Rb7+ Kf6 39. Kf1 Rc6 40.
Rb5 e5 41. Rxc4 dxc4 42. Rxa5 Ke6 43. Ke1 Rxf2 44. Kxf2 Kd5 45. Kf3 g4+ 46. Ke3
Rf6 47. c6+ Kd6 48. c7 Rf8 49. Ra4 f4+ 50. gxf4 exf4+ 51. Kf2 g3+ 52. Kf3 Kxc7
53. Rxc4+ Kd6 54. Rd4+ Kc5 55. Re4 Rg8 56. Re1 Rf8 57. Re4 Rf5 58. Ra4 Kd6 59.
Rd4+ Ke6 60. Re4+ Kf6 61. c4 Kg5 62. Re8 Rf6 63. Re5+ Rf5 64. Re8 Ra5 65. Rg8+
Kf5 66. Rf8+ Ke5 67. Re8+ Kd4 68. Re4+ 1/2-1/2

[Event "Flint (Class A/1)"]
[Site "?"]
[Date "1992.??.??"]
[Round "?"]
[White "Steverson, Bunnard"]
[Black "Dangremond, Leonard"]
[Result "0-1"]
[WhiteElo "1835"]
[BlackElo "1945"]
[PlyCount "96"]
[EventDate "1992.??.??"]

1. d4 Nf6 2. Nf3 g6 3. e3 Bg7 4. Bd3 O-O 5. O-O d5 6. Nbd2 Bg4 7. h3 Bxf3 8.
Qxf3 Nbd7 9. c3 e5 10. e4 exd4 11. cxd4 dxe4 12. Nxe4 Nxe4 13. Qxe4 c6 14. Be3
Nf6 15. Qh4 Nd5 16. Qxd8 Raxd8 17. Bc4 Nb6 18. Bb3 Bxd4 19. Bxd4 Rxd4 20. Rad1
Rfd8 21. Rxd4 Rxd4 22. Rd1 Rxd1+ 23. Bxd1 f5 24. Bb3+ Nd5 25. f4 Kf7 26. Kf2
Kf6 27. Bxd5 cxd5 28. Ke3 Ke6 29. Kd4 Kd6 30. b4 b5 31. h4 Kc6 32. Ke5 d4 33.
Kxd4 Kd6 34. a3 a6 35. Kc3 Kd5 36. Kd3 h6 37. g3 h5 38. Kc3 Ke4 39. a4 Ke3 40.
a5 Ke4 41. Kd2 Kd4 42. Ke2 Kc4 43. Ke3 Kxb4 44. Kd4 Kxa5 45. Ke5 b4 46. Kf6 b3
47. Kxg6 b2 48. Kxf5 b1=Q+ 0-1

[Event "Flint (Class A/3)"]
[Site "?"]
[Date "1992.??.??"]
[Round "?"]
[White "Stefanski, Mark"]
[Black "Williams, Ron"]
[Result "1-0"]
[WhiteElo "1955"]
[BlackElo "1860"]
[PlyCount "135"]
[EventDate "1992.??.??"]

1. e4 e5 2. Nc3 Nf6 3. f4 Nc6 4. Nf3 d6 5. Bc4 Bg4 6. h3 Bxf3 7. gxf3 Nh5 8.
Ne2 Qh4+ 9. Kf1 exf4 10. d4 Ne7 11. c3 c6 12. Qe1 Qf6 13. Qf2 Ng6 14. Qg2 Nh4
15. Qg4 Ng3+ 16. Nxg3 fxg3 17. Ke2 g2 18. Rg1 Be7 19. Be3 h5 20. Qf4 Rh6 21.
Qxf6 Rxf6 22. f4 Rg6 23. Bf2 a5 24. Bd3 O-O-O 25. f5 Rh6 26. Bxh4 Bxh4 27. Kf3
f6 28. Rxg2 Rh7 29. Rag1 Rd7 30. Bc4 Re7 31. Bg8 Rh8 32. Rxg7 Rxg7 33. Rxg7 Bg5
34. Be6+ Kb8 35. e5 Bh6 36. exf6 Rf8 37. Rg8 Rxg8 38. Bxg8 Kc8 39. Bf7 Kd8 40.
Bxh5 Bc1 41. Ke4 Bxb2 42. Kd3 Bc1 43. d5 Bh6 44. dxc6 bxc6 45. Bf3 Kc7 46. Ke4
Kd7 47. c4 a4 48. Kd4 Bf4 49. c5 Be5+ 50. Kc4 d5+ 51. Bxd5 cxd5+ 52. Kxd5 Bxf6
53. c6+ Kc7 54. Ke6 Bg7 55. Ke7 Kxc6 56. f6 Bh6 57. f7 Kd5 58. f8=Q Bxf8+ 59.
Kxf8 Ke5 60. Ke7 Kf5 61. Kd6 Kg5 62. Kc5 Kh4 63. Kb4 a3 64. Kxa3 Kxh3 65. Kb4
Kg4 66. Kc5 Kf5 67. a4 Ke6 68. Kc6 1-0

[Event "Flint (Class A/5)"]
[Site "?"]
[Date "1992.??.??"]
[Round "?"]
[White "Stefanski, Mark"]
[Black "Rosenberg, Steve"]
[Result "1-0"]
[WhiteElo "1955"]
[BlackElo "1805"]
[PlyCount "110"]
[EventDate "1992.??.??"]

1. e4 Nf6 2. Nc3 e5 3. f4 d6 4. Nf3 h6 5. Bc4 exf4 6. d4 g5 7. O-O Bg4 8. e5
dxe5 9. dxe5 Qxd1 10. Rxd1 Bc5+ 11. Kf1 Bxf3 12. gxf3 Nfd7 13. e6 fxe6 14. Bxe6
c6 15. Ne4 Be7 16. b3 Nc5 17. Bb2 Rf8 18. Nxc5 Bxc5 19. Bg7 Na6 20. Bxf8 Kxf8
21. Rd7 Re8 22. Rf7+ Kg8 23. Re7+ Kf8 24. Rxe8+ Kxe8 25. c3 Nc7 26. Bc8 Nd5 27.
Bxb7 Ne3+ 28. Ke2 Kd7 29. h4 Kc7 30. Ba6 Nd5 31. Kd3 Be7 32. hxg5 hxg5 33. Rh1
Bf6 34. Rc1 Be7 35. Bc4 Ne3 36. Rh1 Bf6 37. Rh6 Be7 38. Rh7 Kd6 39. Ba6 Nd5 40.
Bc4 Ne3 41. Bf7 Ng2 42. Bg6 c5 43. Ke4 a5 44. Be8 Ne3 45. Rh6+ Kc7 46. Ra6 Bd6
47. Rc6+ Kd8 48. Rxd6+ Kxe8 49. Rg6 c4 50. Rxg5 cxb3 51. axb3 a4 52. bxa4 Kd7
53. Kxf4 Nc4 54. Rb5 Kc6 55. Kg5 Nb2 1-0

[Event "Flint (Class A/1)"]
[Site "?"]
[Date "1992.??.??"]
[Round "?"]
[White "Stefanski, Mark"]
[Black "Michailoff, M."]
[Result "0-1"]
[WhiteElo "1955"]
[BlackElo "1850"]
[PlyCount "88"]
[EventDate "1992.??.??"]

1. e4 e5 2. Nc3 Nf6 3. f4 d5 4. fxe5 Nxe4 5. d3 Nxc3 6. bxc3 Nc6 7. d4 Qh4+ 8.
Ke2 Bg4+ 9. Nf3 Bh5 10. Qd2 Nxe5 11. dxe5 Qe4+ 12. Kf2 Bxf3 13. gxf3 Bc5+ 14.
Kg2 Qg6+ 15. Kh3 O-O-O 16. Bd3 Qe6+ 17. Kg2 Qxe5 18. Qg5 Qxc3 19. Bd2 Qd4 20.
Qg4+ Kb8 21. Qxd4 Bxd4 22. Rab1 Rhe8 23. Rhe1 g6 24. Rxe8 Rxe8 25. Re1 Rxe1 26.
Bxe1 Kc8 27. h4 Kd7 28. h5 Ke6 29. hxg6 hxg6 30. Bg3 c5 31. c4 f5 32. Kf1 g5
33. cxd5+ Kxd5 34. Bxf5 b5 35. Ke2 c4 36. Kd2 a5 37. Be4+ Kc5 38. Bc7 a4 39.
Bd8 b4 40. Bxg5 a3 41. Be7+ Kb5 42. Bc2 b3 43. Bxa3 bxa2 44. f4 a1=Q 0-1

[Event "Detroit (MI Op/3/45)"]
[Site "?"]
[Date "1992.??.??"]
[Round "?"]
[White "Steen, Harold"]
[Black "Smith, Daryn"]
[Result "0-1"]
[WhiteElo "1800"]
[BlackElo "1875"]
[PlyCount "84"]
[EventDate "1992.??.??"]

{3/(45)} 1. Nf3 Nf6 2. g3 g6 3. Bg2 Bg7 4. O-O c5 5. d3 Nc6 6. e4 d6 7. Nc3 O-O
8. h3 Rb8 9. Be3 b5 10. a3 a5 11. Qd2 b4 12. axb4 axb4 13. Ne2 Nd7 14. Nh2 Bxb2
15. Rab1 Bg7 16. f4 Bb7 17. f5 Nb6 18. g4 Na4 19. Nf3 Nc3 20. Nxc3 Bxc3 21. Qc1
Bg7 22. h4 Ne5 23. Nxe5 Bxe5 24. h5 gxh5 25. Bh6 Bf6 26. Bxf8 Qxf8 27. g5 Bd4+
28. Kh1 Kh8 29. Qd1 Qg7 30. Qxh5 Rg8 31. Rf3 Qxg5 32. Qxg5 Rxg5 33. Rh3 Bc6 34.
Re1 Ba4 35. Re2 b3 36. cxb3 Bxb3 37. Bf1 Rg1+ 38. Kh2 Rxf1 39. Rg2 Be5+ 40.
Rhg3 Rf3 41. Kh3 Rxg3+ 42. Rxg3 Bxg3 0-1

[Event "Detroit (MI Op/1b/11)"]
[Site "?"]
[Date "1992.??.??"]
[Round "?"]
[White "Steen, Harold"]
[Black "Kulbacki, James"]
[Result "1-0"]
[WhiteElo "1800"]
[BlackElo "1990"]
[PlyCount "50"]
[EventDate "1992.??.??"]

1. Nf3 d5 2. g3 Nf6 3. Bg2 c6 4. O-O Bf5 5. d3 e6 6. Nh4 Bg6 7. Bg5 Be7 8. Nd2
Nbd7 9. e4 Qb6 10. Rb1 Bh5 11. Qe1 h6 12. Be3 Qc7 13. h3 g5 14. Nhf3 Kf8 15.
Nh2 Kg7 16. f4 gxf4 17. gxf4 Rhg8 18. Qh4 Kf8 19. e5 Ng4 20. Qxh5 Nxe3 21.
Qxh6+ Ke8 22. Rf2 Bc5 23. Kh1 Nf8 24. Nb3 Nf5 25. Qh5 Ng3+ 1-0

[Event "Detroit (MOR/7/63)"]
[Site "?"]
[Date "1992.??.??"]
[Round "?"]
[White "Stanulis, T."]
[Black "Walker, LeRoy"]
[Result "0-1"]
[WhiteElo "1605"]
[BlackElo "1700"]
[PlyCount "30"]
[EventDate "1992.??.??"]

{7/(63)} 1. e4 c6 2. d4 d5 3. Nc3 dxe4 4. Bc4 g6 5. f3 Bg7 6. Be3 exf3 7. Nxf3
Nf6 8. O-O O-O 9. Qd2 Ng4 10. Ng5 Nxe3 11. Bxf7+ Kh8 12. Kh1 Nxf1 13. Rxf1 Na6
14. Rf4 Bh6 15. d5 Bxg5 0-1

[Event "Detroit (MOR/5/63)"]
[Site "?"]
[Date "1992.??.??"]
[Round "?"]
[White "Stanulis, T."]
[Black "Turner, Keita"]
[Result "0-1"]
[WhiteElo "1605"]
[BlackElo "1710"]
[PlyCount "84"]
[EventDate "1992.??.??"]

{5/(63)} 1. e4 c5 2. d4 cxd4 3. c3 Nf6 4. e5 Nd5 5. cxd4 d6 6. Nc3 Nxc3 7. bxc3
dxe5 8. Qa4+ Bd7 9. Bb5 exd4 10. Bxd7+ Qxd7 11. Qxd4 Qxd4 12. cxd4 Nc6 13. Nf3
g6 14. O-O Bg7 15. Be3 Rd8 16. Rab1 Rd7 17. Rfd1 O-O 18. d5 Rfd8 19. h3 b6 20.
Rdc1 Ne5 21. Nxe5 Bxe5 22. f4 Bg7 23. Rb5 Rxd5 24. Rxd5 Rxd5 25. Rc8+ Bf8 26.
f5 Kg7 27. fxg6 hxg6 28. Ra8 Ra5 29. g4 e6 30. Bd4+ e5 31. Bc3 Bc5+ 32. Kf1
Rxa2 33. Bxe5+ f6 34. Bc3 g5 35. Rc8 Ra3 36. Be1 a5 37. Kg2 a4 38. Ra8 Ra1 39.
Bc3 Rc1 40. Kf3 Rxc3+ 41. Ke4 a3 42. Kf5 Rf3+ 0-1

[Event "Detroit (MOR/3/92)"]
[Site "?"]
[Date "1992.??.??"]
[Round "?"]
[White "Stanulis, T."]
[Black "MacLean, C."]
[Result "1-0"]
[WhiteElo "1605"]
[BlackElo "1605"]
[PlyCount "51"]
[EventDate "1992.??.??"]

{3/(92)} 1. e4 e5 2. d4 exd4 3. c3 dxc3 4. Nxc3 Nf6 5. Bc4 Bb4 6. Bg5 h6 7. Bh4
d6 8. h3 Nc6 9. Nf3 Qe7 10. O-O Be6 11. Nd5 Bxd5 12. Bxd5 g5 13. a3 gxh4 14.
axb4 Nxd5 15. exd5 Ne5 16. Re1 O-O-O 17. Nxe5 dxe5 18. Rxa7 f6 19. Qg4+ f5 20.
Qxf5+ Kb8 21. Rea1 c6 22. dxc6 Rd1+ 23. Rxd1 Kxa7 24. Rd7 Rf8 25. Qb1 Qxb4 26.
Rxb7+ 1-0

[Event "Detroit (MOR/1a/56)"]
[Site "?"]
[Date "1992.??.??"]
[Round "?"]
[White "Stanulis, T."]
[Black "Caron, L."]
[Result "1-0"]
[WhiteElo "1605"]
[BlackElo "1605"]
[PlyCount "23"]
[EventDate "1992.??.??"]

1. e4 e5 2. d4 exd4 3. c3 dxc3 4. Nxc3 Nc6 5. Nf3 Bd6 6. Bc4 Qe7 7. O-O Nf6 8.
Re1 O-O 9. Bg5 b6 10. Nd5 Bxh2+ 11. Nxh2 Qe6 12. Nxf6+ 1-0

[Event "East Lansing (MI Am/2)"]
[Site "?"]
[Date "1992.??.??"]
[Round "?"]
[White "Spooner, Frank"]
[Black "Sanborn, Neil"]
[Result "1-0"]
[WhiteElo "1880"]
[BlackElo "1605"]
[PlyCount "47"]
[EventDate "1992.??.??"]

1. Nf3 d5 2. e3 Nc6 3. Bb5 Bd7 4. b3 a6 5. Bxc6 Bxc6 6. Bb2 Nf6 7. d3 e6 8.
Nbd2 Bd6 9. O-O O-O 10. Ne5 Bxe5 11. Bxe5 Nd7 12. Bb2 e5 13. f4 e4 14. dxe4
dxe4 15. c4 b5 16. Rc1 Re8 17. Bd4 Bb7 18. Qg4 Nf6 19. Qg5 Qe7 20. cxb5 axb5
21. Rxc7 Qxc7 22. Bxf6 g6 23. Qh6 Qxf4 24. Qg7# 1-0

[Event "Flint (Class A/5)"]
[Site "?"]
[Date "1992.??.??"]
[Round "?"]
[White "Spooner, Frank"]
[Black "Kung, Fred"]
[Result "0-1"]
[WhiteElo "1875"]
[BlackElo "1800"]
[PlyCount "96"]
[EventDate "1992.??.??"]

1. Nf3 d5 2. e3 e6 3. b3 c5 4. Bb2 Nf6 5. Be2 Nc6 6. O-O Bd6 7. Bb5 O-O 8. Bxc6
bxc6 9. Ne5 Bb7 10. d3 Qc7 11. f4 Rad8 12. Nd2 Ne8 13. Qg4 Bc8 14. Qg3 Be7 15.
Ndf3 Bf6 16. Qh3 Bb7 17. g4 g6 18. Ng5 Bxg5 19. fxg5 d4 20. Qg3 Rd5 21. exd4
cxd4 22. Rae1 Qe7 23. Bc1 c5 24. Bf4 f6 25. gxf6 Rxf6 26. h4 Rf8 27. Re2 Ng7
28. Ref2 Qe8 29. Nc4 Qc6 30. Bd6 Rxf2 31. Kxf2 Ba6 32. Kg1 Nf5 33. gxf5 Bxc4
34. fxg6 Qxd6 35. gxh7+ Kxh7 36. Rf7+ Kh6 37. Qg7+ Kh5 38. Qh7+ Kg4 39. Rg7+
Kh3 40. Rg2 Qf4 41. Rf2 Qc1+ 42. Rf1 Qe3+ 43. Rf2 Rf5 44. Qxf5+ exf5 45. Kf1
Kxh4 46. bxc4 f4 47. Rh2+ Kg3 48. Rg2+ Kf3 0-1